| 000 | 00555pam a2200217 a 4500 | ||
|---|---|---|---|
| 020 | _a0393956369 (pbk.) | ||
| 040 | _cDLC | ||
| 082 | 0 | 0 | _a821 NOR 1988 A092 Or. |
| 245 | 0 | 4 | _aThe Norton anthology of modern poetry / |
| 250 | _a2nd ed. | ||
| 260 |
_aNew York : _bNorton, _cc1988. |
||
| 300 |
_axlix, 1865 p. ; _c24 cm. |
||
| 500 | _aIncludes index. | ||
| 650 | 0 | _aAmerican poetry | |
| 650 | 0 | _aEnglish poetry | |
| 650 | 0 | _aAmerican poetry | |
| 650 | 0 | _aEnglish poetry | |
| 700 | 1 | _aEllmann, Richard, | |
| 700 | 1 | _aO'Clair, Robert. | |
| 942 | _cEK | ||
| 999 |
_c11822 _d11822 |
||